[Event "GER-chT U12"]
[Site "Verden"]
[Date "2000.12.30"]
[Round "4.2"]
[White "Bieber, Friedemann"]
[Black "Gottstein, Leonard"]
[Result "1-0"]
[WhiteElo "756"]
[BlackElo "848"]
[PlyCount "35"]
[EventDate "2000.12.26"]
[EventType "team-tourn"]
[EventRounds "7"]
[EventCountry "GER"]
[SourceTitle "EXT 2008"]
[Source "ChessBase"]
[SourceDate "2007.11.25"]
[SourceVersion "1"]
[SourceVersionDate "2007.11.25"]
[SourceQuality "1"]
[WhiteTeam "Muenster SK U12"]
[BlackTeam "Rossdorf U12"]
[WhiteTeamCountry "GER"]
[BlackTeamCountry "GER"]

1. e4 e5 2. Nf3 d6 3. h3 Nf6 4. Nc3 Be6 5. d4 exd4 6. Nxd4 Qd7 7. Bg5 d5 8. Bxf6 gxf6 9. Nxe6 fxe6 10. exd5 exd5 11. Qxd5 Qe7+ 12. Be2 Nc6 13. Qh5+ Kd8 14. 0-0-0+ Kc8 15. Bg4+ Kb8 16. Rhe1 Qb4 17. Re8+ Nd8 18. Rdxd8# 1-0

[Event "GER-chT U12"]
[Site "Verden"]
[Date "2000.12.30"]
[Round "1.2"]
[White "Gottstein, Leonard"]
[Black "Becker, Nils"]
[Result "0-1"]
[WhiteElo "848"]
[BlackElo "1165"]
[PlyCount "116"]
[EventDate "2000.12.26"]
[EventType "team-tourn"]
[EventRounds "7"]
[EventCountry "GER"]
[SourceTitle "EXT 2008"]
[Source "ChessBase"]
[SourceDate "2007.11.25"]
[SourceVersion "1"]
[SourceVersionDate "2007.11.25"]
[SourceQuality "1"]
[WhiteTeam "Rossdorf U12"]
[BlackTeam "Ruedersdorf U12"]
[WhiteTeamCountry "GER"]
[BlackTeamCountry "GER"]

1. d4 Nf6 2. Nf3 e6 3. Bg5 Be7 4. e3 b6 5. Bd3 Bb7 6. 0-0 0-0 7. Nc3 d6 8. Be2 Nbd7 9. Bxf6 Nxf6 10. b3 c5 11. dxc5 dxc5 12. Bd3 Qc7 13. a4 a6 14. Be2 Ng4 15. g3 Rad8 16. Qe1 Ne5 17. Kg2 Bf6 18. Rc1 Nxf3 19. Bxf3 Bxf3+ 20. Kxf3 c4 21. Kg2 Qe5 22. Ne2 cxb3 23. cxb3 Qd5+ 24. Kg1 Qxb3 25. Ra1 Bxa1 26. Qxa1 Rd2 27. Nd4 Qb2 28. Qxb2 Rxb2 29. Ra1 Rc8 30. Nf3 h6 31. Ne1 Re2 32. Nd3 Rd2 33. Ne5 Rcc2 34. Rf1 Rd5 35. Nf3 Ra2 36. Rb1 Rxa4 37. Rxb6 Ra1+ 38. Kg2 a5 39. Rb8+ Kh7 40. Ra8 a4 41. Ra7 a3 42. Ra6 a2 43. Ra4 Rb5 44. Nd2 Rb2 45. Nc4 Re2 46. Kf3 Rae1 47. Ne5 Rc2 48. Nxf7 a1Q 49. Rxa1 Rxa1 50. Ne5 Raa2 51. Nd3 Rd2 52. Nb4 Rxf2+ 53. Ke4 Ra4 54. Kd3 Rxb4 55. e4 Rf3+ 56. Ke2 Ra3 57. Kd2 Rb2+ 58. Kc1 Rxh2 0-1